Combien de ville de Corrèze (19) connais-tu ? - Statistiques

Statistiques générales
  • Ce quiz a été pris 25 fois
  • Le résultat moyen est 34 sur 279
Statistiques - réponses
Code Postal Ville % Correct
19101 Brive-la-Gaillarde
91%
19000 Tulle
91%
19200 Ussel
82%
0 Malemort
68%
19140 Uzerche
64%
19300 Égletons
55%
19130 Objat
50%
19240 Allassac
45%
19260 Treignac
45%
19120 Beaulieu-sur-Dordogne
41%
19350 Juillac
41%
19270 Ussac
41%
19500 Collonges-la-Rouge
36%
19800 Corrèze
36%
19210 Lubersac
36%
19250 Meymac
36%
19460 Naves
36%
19700 Seilhac
36%
19400 Argentat-sur-Dordogne
32%
19231 Arnac-Pompadour
32%
19600 Larche
32%
19500 Meyssac
32%
19410 Vigeois
32%
19120 Altillac
27%
19310 Ayen
27%
19370 Chamberet
27%
19270 Donzenac
27%
19300 Rosiers-d'Égletons
27%
19200 Saint-Angel
27%
19270 Sainte-Féréole
27%
19330 Saint-Mexant
27%
19200 Aix
23%
19380 Albussac
23%
19120 Astaillac
23%
19220 Auriac
23%
19110 Bort-les-Orgues
23%
19170 Bugeat
23%
19330 Chameyrat
23%
19150 Cornil
23%
19360 Cosnac
23%
19340 Eygurande
23%
19330 Favars
23%
19550 Lapleau
23%
19320 Marcillac-la-Croisille
23%
19340 Merlines
23%
19600 Noailles
23%
19410 Perpezac-le-Noir
23%
19490 Sainte-Fortunade
23%
19600 Saint-Pantaléon-de-Larche
23%
19310 Saint-Robert
23%
19240 Saint-Viance
23%
19500 Turenne
23%
19240 Varetz
23%
19260 Affieux
18%
19350 Chabrignac
18%
19450 Chamboulive
18%
19600 Chasteaux
18%
19320 Clergoux
18%
19520 Cublac
18%
19500 Curemonte
18%
19150 Laguenne-sur-Avalouze
18%
19190 Lanteuil
18%
19430 Mercœur
18%
19600 Nespouls
18%
19500 Noailhac
18%
19270 Sadroc
18%
19800 Sarran
18%
19290 Sornac
18%
19130 Vars-sur-Roseix
18%
19130 Vignols
18%
19310 Yssandon
18%
19190 Albignac
14%
19800 Bar
14%
19430 Bassignac-le-Bas
14%
19220 Bassignac-le-Haut
14%
19190 Beynat
14%
19330 Chanteix
14%
19190 Chastang
14%
19350 Concèze
14%
19360 Dampniat
14%
19140 Espartignac
14%
19600 Estivals
14%
19410 Estivaux
14%
19800 Eyrein
14%
19800 Gimel-les-Cascades
14%
19500 Jugeals-Nazareth
14%
19150 Ladignac-sur-Rondelles
14%
19600 Lissac-sur-Couze
14%
19500 Lostanges
14%
19500 Marcillac-la-Croze
14%
19510 Masseret
14%
19290 Millevaches
14%
19160 Neuvic
14%
19380 Neuville
14%
19120 Nonards
14%
19190 Palazinges
14%
19150 Pandrignes
14%
19310 Perpezac-le-Blanc
14%
19290 Peyrelevade
14%
19350 Rosiers-de-Juillac
14%
19600 Saint-Cernin-de-Larche
14%
19380 Saint-Chamant
14%
19700 Saint-Clément
14%
19330 Saint-Germain-les-Vergnes
14%
19560 Saint-Hilaire-Peyroux
14%
19170 Saint-Merd-les-Oussines
14%
19220 Saint-Privat
14%
19230 Saint-Sornin-Lavolps
14%
19140 Saint-Ybard
14%
19310 Segonzac
14%
19230 Ségur-le-Château
14%
19190 Sérilhac
14%
19170 Viam
14%
19130 Voutezac
14%
19250 Ambrugeat
9%
19190 Aubazines
9%
19390 Beaumont
9%
19290 Bellechassagne
9%
19510 Benayes
9%
19310 Brignac-la-Plaine
9%
19430 Camps-Saint-Mathurin-Léobazel
9%
19150 Chanac-les-Mines
9%
19360 Chapelle-aux-Brocs
9%
19500 Chauffour-sur-Vell
9%
19120 Chenailler-Mascheix
9%
19220 Darazac
9%
19300 Darnets
9%
19430 Goulles
9%
19300 Grandsaigne
9%
19400 Hautefage
9%
19700 Lagraulière
9%
19130 Lascaux
9%
19170 Lestards
9%
19160 Liginiac
9%
19310 Louignac
9%
19520 Mansac
9%
19510 Meilhards
9%
19190 Ménoire
9%
19120 Puy-d'Arnac
9%
19320 Roche-Canillac
9%
19390 Saint-Augustin
9%
19130 Saint-Bonnet-la-Rivière
9%
19410 Saint-Bonnet-l'Enfantier
9%
19130 Saint-Cyr-la-Roche
9%
19220 Saint-Geniez-ô-Merle
9%
19160 Saint-Hilaire-Luc
9%
19700 Saint-Jal
9%
19220 Saint-Julien-aux-Bois
9%
19500 Saint-Julien-Maumont
9%
19320 Saint-Merd-de-Lapleau
9%
19320 Saint-Pardoux-la-Croisille
9%
19270 Saint-Pardoux-l'Ortigier
9%
19510 Salon-la-Tour
9%
19220 Servières-le-Château
9%
19430 Sexcles
9%
19120 Sioniac
9%
19550 Soursac
9%
19170 Tarnac
9%
19170 Toy-Viam
9%
19120 Tudeils
9%
19260 Veix
9%
19800 Vitrac-sur-Montane
9%
19200 Alleyrat
5%
19000 Angles-sur-Corrèze
5%
19230 Beyssac
5%
19120 Bilhac
5%
19500 Branceilles
5%
19320 Champagnac-la-Noaille
5%
19320 Champagnac-la-Prune
5%
19120 Chapelle-aux-Saints
5%
19430 Chapelle-Saint-Géraud
5%
19600 Chartrier-Ferrière
5%
19390 Chaumeil
5%
19160 Chirac-Bellevue
5%
19140 Condat-sur-Ganaveix
5%
19150 Espagnac
5%
19140 Eyburie
5%
19380 Forgès
5%
19320 Gros-Chastang
5%
19170 Lacelle
5%
19150 Lagarde-Marc-la-Tour
5%
19500 Lagleygeolle
5%
19160 Lamazière-Basse
5%
19340 Lamazière-Haute
5%
19160 Latronche
5%
19550 Laval-sur-Luzège
5%
19500 Ligneyrac
5%
19470 Lonzac
5%
19470 Madranges
5%
19250 Maussac
5%
19400 Monceaux-sur-Dordogne
5%
19340 Monestier-Merlines
5%
19300 Montaignac-sur-Doustre
5%
19210 Montgibaud
5%
19300 Moustier-Ventadour
5%
19390 Orliac-de-Bar
5%
19160 Palisse
5%
19300 Péret-Bel-Air
5%
19170 Pérols-sur-Vézère
5%
19190 Pescher
5%
19450 Pierrefitte
5%
19120 Queyssac-les-Vignes
5%
19430 Reygade
5%
19220 Rilhac-Xaintrie
5%
19500 Saillac
5%
19130 Saint-Aulaire
5%
19500 Saint-Bazile-de-Meyssac
5%
19430 Saint-Bonnet-les-Tours-de-Merle
5%
19220 Saint-Cirgues-la-Loutre
5%
19130 Saint-Cyprien
5%
19210 Saint-Éloy-les-Tuileries
5%
19200 Saint-Étienne-aux-Clos
5%
19200 Saint-Fréjoux
5%
19550 Saint-Hilaire-Foissac
5%
19170 Saint-Hilaire-les-Courbes
5%
19400 Saint-Hilaire-Taurieux
5%
19320 Saint-Martin-la-Méanne
5%
19160 Saint-Pantaléon-de-Lapleau
5%
19150 Saint-Paul
5%
19800 Saint-Priest-de-Gimel
5%
19290 Saint-Setiers
5%
19130 Saint-Solve
5%
19200 Valiergues
5%
19120 Végennes
5%
19230 Beyssenac
0%
19170 Bonnefond
0%
19300 Chapelle-Spinasse
0%
19290 Chavanac
0%
19200 Chaveroche
0%
19250 Combressol
0%
19200 Confolent-Port-Dieu
0%
19340 Couffy-sur-Sarsonne
0%
19340 Courteix
0%
19250 Davignac
0%
19170 Église-aux-Bois
0%
19340 Feyt
0%
19170 Gourdon-Murat
0%
19320 Gumond
0%
19320 Lafage-sur-Sombre
0%
19510 Lamongerie
0%
19340 Laroche-près-Feyt
0%
19200 Lignareix
0%
19120 Liourdres
0%
19200 Margerides
0%
19200 Mestes
0%
19800 Meyrignac-l'Église
0%
19110 Monestier-Port-Dieu
0%
19410 Orgnac-sur-Vézère
0%
19260 Peyrissac
0%
19170 Pradines
0%
19260 Rilhac-Treignac
0%
19160 Roche-le-Peyroux
0%
19380 Saint-Bonnet-Elvert
0%
19200 Saint-Bonnet-près-Bort
0%
19160 Sainte-Marie-Lapanouze
0%
19160 Saint-Étienne-la-Geneste
0%
19200 Saint-Exupéry-les-Roches
0%
19290 Saint-Germain-Lavolps
0%
19430 Saint-Julien-le-Pèlerin
0%
19210 Saint-Julien-le-Vendômois
0%
19150 Saint-Martial-de-Gimel
0%
19400 Saint-Martial-Entraygues
0%
19210 Saint-Martin-Sepert
0%
19210 Saint-Pardoux-Corbier
0%
19200 Saint-Pardoux-le-Neuf
0%
19200 Saint-Pardoux-le-Vieux
0%
19290 Saint-Rémy
0%
19700 Saint-Salvadour
0%
19250 Saint-Sulpice-les-Bois
0%
19380 Saint-Sylvain
0%
19200 Saint-Victour
0%
19300 Saint-Yrieix-le-Déjalat
0%
19110 Sarroux - Saint Julien
0%
19160 Sérandon
0%
19370 Soudaine-Lavinadière
0%
19300 Soudeilles
0%
19200 Thalamy
0%
19230 Troche
0%
19200 Veyrières
0%
Aucun quiz correspondant
Distribution des résultats
% des personnes avec chaque résultat
Percentile par nombre de réponses
Votre historique - résultats
Vous n’avez pas pris ce quiz